| 000 | 00423nam a22001697a 4500 | ||
|---|---|---|---|
| 003 | MACL | ||
| 005 | 20151226145339.0 | ||
| 008 | 151226b xxu||||| |||| 00| 0 eng d | ||
| 040 | _cMACL | ||
| 041 | _aEnglish | ||
| 082 | _a741.642 | ||
| 100 |
_a Pt.Naryana,Satya _922883 |
||
| 245 | _aStories From Shrimad Bhagwada | ||
| 260 |
_aNoida _bNoida Book Publishing _c2011 |
||
| 650 |
_aChildren book _922884 |
||
| 942 |
_2ddc _cBK |
||
| 999 |
_c51948 _d51948 |
||